[Event "4NCL Division Four"]
[Site "Telford, ENG"]
[Date "2024.05.06"]
[Round "11.129"]
[White "Willoughby, Robert H"]
[Black "Chan, Tak-Shing"]
[Result "1/2-1/2"]
[WhiteElo "1603"]
[BlackElo "1729"]
[PlyCount "51"]
[EventDate "2024.05.06"]
[WhiteTeam "Ashfield 3"]
[BlackTeam "Lancaster"]

1. d4 d5 2. c4 e6 3. Nf3 Nf6 4. Nc3 Be7 5. Bf4 O-O 6. e3 Nbd7 7. Rc1 b6 8. cxd5
exd5 9. Bd3 Bb7 10. O-O Rc8 11. Qe2 Re8 12. Bf5 g6 13. Bh3 Nh5 14. Be5 c6 15.
Rfd1 f6 16. Be6+ Kh8 17. Ng5 Nxe5 18. dxe5 fxg5 19. Bxc8 Qxc8 20. Nxd5 Qb8 21.
Nc3 Bc5 22. Qc4 Qxe5 23. b4 Bf8 24. Rd7 Re7 25. Rd8 Re8 26. Rd7 1/2-1/2